La Parabola Del Seminatore

Enregistré dans:
Détails bibliographiques
Auteur principal: Ocatvia E. Butler
Format: Livre
Langue:langue indéterminée
Publié: Fanucci
Tags: Ajouter un tag
Pas de tags, Soyez le premier à ajouter un tag!

MARC

LEADER 00000nam a2200000Ia 4500
001 R-1924
003 CODICE-MESSINA
005 20260212102524.0
008 260211s9999 xx 000 0 und d
040 |c importazione_messina 
100 |a Ocatvia E. Butler 
245 0 |a La Parabola Del Seminatore  
260 |b Fanucci 
942 |2 ddc  |c BK 
952 |0 0  |1 0  |2 ddc  |4 0  |6 SCAFFALE_19_000000000000000__STANZA_2__ROMANZI  |7 0  |9 32765  |a ME  |b ME  |d 2026-02-11  |l 0  |o SCAFFALE 19 - STANZA 2 - ROMANZI  |p R-1924  |r 2026-02-11 23:53:23  |w 2026-02-11  |x [REVISIONARE]  |y BK 
999 |c 28432  |d 28432